Podpora inovácií vo vybranom podniku bakalárska práca

Gespeichert in:
Bibliographische Detailangaben
1. Verfasser: Murková, Veronika
Körperschaft: Fakulta podnikového manažmentu EU. Katedra manažmentu
Weitere Verfasser: Papulová, Emília
Format: Buch
Sprache:Slowakisch
Veröffentlicht: Bratislava 2017
Tags: Tag hinzufügen
Keine Tags, Fügen Sie das erste Tag hinzu!

MARC

LEADER 00000nbm a2200000 4500
001 0232321
005 20171215125127.3
041 0 |a slo 
044 |a SK 
245 1 0 |a Podpora inovácií vo vybranom podniku  |b bakalárska práca  |c Veronika Murková ; školiteľ: Emília Papulová 
264 1 |a Bratislava  |c 2017 
300 |a 47 s. 
100 1 |a Murková, Veronika 
700 1 |a Papulová, Emília 
710 2 |a Fakulta podnikového manažmentu EU. Katedra manažmentu